LEADER 00882nam a2200241 i 4500 001 000000230755 003 CaOOAMICUS 005 20140618000000.0 008 140618s1958 it u000 u ita u 013 $a209657 040 $aSeMil$bita 245 13$aLa Donna vestita di sole. 260 $aPerugia :$bE.F.I.,$c/1959. 300 $a[12] c. di tav. :$bquasi tutto ill. ;$c34 cm. 500 $aFondo card. Giovanni Colombo. 650 4$aMadonna nell'arte.$0(OLS)http://semarc/subject/44945 650 4$aMadonna - Apocalisse.$0(OLS)http://semarc/subject/29232 850 $aSeMil 852 $aSeMil$W1$xVenegono$y1$m3GC VIII 21$j181101$B181101$CSeMilBibl$Z2$F192692 $8B 941 1 $a3 961 $aLascito: Colombo Card. Giovanni 996 $6245$aLa Donna vestita di sole$9(OLS)http://semarc/title/329665 996 $6260$aPerugia :$bE.F.I.$9(OLS)http://semarc/publisher/45114 LEADER 00975nam a2200217 i 4500 001 000000180396 003 CaOOAMICUS 005 20090708000000.0 008 090708s1944 it u000 u fre u 013 $a158041 040 $aSeMil$bita 100 1 $aJugie, Martin .$0(OLS)http://semarc/name/90166 245 13$aLa mort et l'assomption de la sainte Vierge :$betude historico-doctrinale /$cpar Martin Jugie. 260 $aCittą del Vaticano :$bBiblioteca Apostolica Vaticana,$c1944. 300 $aVIII, 747 p. ;$c25 cm. 490 0 $aStudi e testi ;$v114 830 0$aStudi e testi ;$v114.$0(OLS)http://semarc/title/153 850 $aSeMil 852 $aSeMil$W1$xVenegono$y1$m3C V 84$j131144$B131144$CSeMilBibl$Z2$F143044 $81 996 $6245$aLa mort et l'assomption de la sainte Vierge :$betude historico-doctrinale$9(OLS)http://semarc/title/259016 996 $6260$aCittą del Vaticano :$bBiblioteca Apostolica Vaticana$9(OLS)http://semarc/publisher/29667